| 000 | 01560nam1a22003371i 4500 | ||
|---|---|---|---|
| 001 | v19\rc\2111907 | ||
| 005 | 20260405200621.0 | ||
| 035 | _a(NLR Aleph) 005186097 | ||
| 090 |
_a5167288 _c5167288 |
||
| 100 | _a20090914g18111812|||y0rusy50 ca | ||
| 101 | 1 |
_arus _cger |
|
| 102 | _aRU | ||
| 105 | _ay z ||||| | ||
| 200 | 1 |
_aНародныя сказки Музеуса, _fИзданныя Виландом _gПереводил с немецкаго Василий Поляков |
|
| 210 |
_aМосква _cв типографии А. Воейкова и компании _d1811-1812 |
||
| 215 |
_a6 т. _d8° (16 см) |
||
| 300 | _aИзд. также под загл.: Простонародные сказки | ||
| 321 | 1 | _aСК 1801-1825 5341 | |
| 451 | 0 |
_12001#$aПростонародные сказки _tПростонародные сказки |
|
| 518 | 1 | _aНародные сказки Музеуса | |
| 620 | _dМосква | ||
| 700 | 1 |
_7ca _8rus _aМузеус _bИ. К. А. _f1735-1787 _gИоганн Карл Август _9260720 _3RU\NLR\AUTH\770260776 |
|
| 702 | 1 |
_4650 _7ca _8rus _aВиланд _bК. М. _f1733-1813 _gКристоф Мартин _971166 _3RU\NLR\AUTH\7788238 |
|
| 702 | 1 |
_aПоляков _bВ. _gВасилий _4730 |
|
| 790 | 1 |
_7ca _8rus _aМузеус _bИ. К. А. _f1735-1787 _gИоганн Карл Август _9260720 _3RU\NLR\AUTH\770260776 |
|
| 801 | 0 |
_aRU _bNLR _gpsbo |
|
| 801 | 1 |
_aRU _bProSoft-M _2rusmarc |
|
| 801 | 2 |
_aRU _bNLR _c20160517 _2rusmarc |
|
| 852 |
_aNLR _j18.226.3.34(1-6) |
||
| 852 |
_aNLR _bМф _jК1/86 |
||
| 942 | _cBOOK | ||